000
00478nam a2200145Ia 4500
008
100204s9999 xx 000 0 und d
082
_b
4577
100
_a
भावे पुरुषोत्तम भास्कर
245
_a
कुंभांड
260
_b
"कॉन्टीनेंटल बुक सर्व्हिस, पुणे"
_c
1958
300
_a
131
630
_a
कुंभांड
730
_a
कुंभांड
942
_c
BOOK
999
_c
466418
_d
466415